000 00941pam a2200289 a 4500
001 2806786
003 ARRUPE
005 20150409020006.0
008 821227s1983 enk b 000 0 eng
010 _a 82025257
020 _a0521227968
020 _a052129648X (pbk.)
040 _aDLC
_cDLC
_dDLC
050 0 0 _aSPC QA8.4
_b.P48 1983
082 0 0 _a510/.1
_219
100 _aBenacerraf, Paul.(ed.)
_98953
245 0 0 _aPhilosophy of mathematics :
_bselected readings /
_cedited by Paul Benacerraf, Hilary Putnam.
250 _a2nd ed.
260 _aCambridge [Cambridgeshire] ;
_aNew York :
_bCambridge University Press,
_c1983.
300 _aviii, 600 p. ;
_c24 cm.
504 _aBibliography: p. 571-600.
650 0 _aMathematics
_xPhilosophy.
_98954
700 1 _aBenacerraf, Paul. (ed.)
_98955
700 1 _aPutnam, Hilary. (ed.)
_98956
906 _a7
_bcbc
_corignew
_d1
_eocip
_f19
_gy-gencatlg
942 _2lcc
_cMONOGRAPH
_01
999 _c120168
_d120168